Consumer behaviour: buying, having and being. -- 6th ed. (Record no. 79804)
[ view plain ]
| 000 -LEADER | |
|---|---|
| fixed length control field | 01147nam a2200217 a 4500 |
| 008 - FIXED-LENGTH DATA ELEMENTS--GENERAL INFORMATION | |
| fixed length control field | 120416s2004 ||||||||||||||||| || u |
| 020 ## - INTERNATIONAL STANDARD BOOK NUMBER | |
| International Standard Book Number | 0131230115 |
| 050 ## - LIBRARY OF CONGRESS CALL NUMBER | |
| Classification number | HF 5415.3 Sol |
| 100 ## - MAIN ENTRY--PERSONAL NAME | |
| Personal name | Solomon, Michael R |
| 245 10 - TITLE STATEMENT | |
| Title | Consumer behaviour: buying, having and being. -- 6th ed. |
| 250 ## - EDITION STATEMENT | |
| Edition statement | 6th. ed. |
| 260 ## - PUBLICATION, DISTRIBUTION, ETC. | |
| Place of publication, distribution, etc. | Upper Saddle River,NJ |
| Name of publisher, distributor, etc. | Pearson/Prentice Hall |
| Date of publication, distribution, etc. | 2004 |
| 300 ## - PHYSICAL DESCRIPTION | |
| Extent | xviii, 621p. : ill. |
| 350 ## - | |
| -- | 0.00 |
| 650 #0 - SUBJECT ADDED ENTRY--TOPICAL TERM | |
| Topical term or geographic name entry element | MARKETING--MANAGEMENT--CASE STUDIES |
| 650 ## - SUBJECT ADDED ENTRY--TOPICAL TERM | |
| Topical term or geographic name entry element | CONSUMER BEHAVIOUR |
| 995 ## - | |
| -- | MAIN LIBRARY OPEN ACCESS |
| -- | 0.00 |
| -- | 736722 |
| -- | CBU-MAIN LIBRARY (Kitwe) |
| -- | 1 |
| -- | 37.50 |
| -- | HF 5415.3 Sol |
| -- | 1 |
| -- | AVAILABLE |
| -- | 40075 |
| -- | Main Library Open Access Collection |
| 995 ## - | |
| -- | BINDERY (DAMAGED) |
| -- | 0.00 |
| -- | 736725 |
| -- | CBU-MAIN LIBRARY (Kitwe) |
| -- | 4 |
| -- | 37.50 |
| -- | HF 5415.3 Sol |
| -- | 4 |
| -- | DAMAGED |
| -- | 40080 |
| -- | Main Library Open Access Collection |
| 995 ## - | |
| -- | BINDERY (DAMAGED) |
| -- | 0.00 |
| -- | 736723 |
| -- | CBU-MAIN LIBRARY (Kitwe) |
| -- | 2 |
| -- | 37.50 |
| -- | HF 5415.3 Sol |
| -- | 2 |
| -- | DAMAGED |
| -- | 40077 |
| -- | Main Library Open Access Collection |
| 995 ## - | |
| -- | MAIN LIBRARY OPEN ACCESS |
| -- | 0.00 |
| -- | 736724 |
| -- | CBU-MAIN LIBRARY (Kitwe) |
| -- | 3 |
| -- | 37.50 |
| -- | HF 5415.3 Sol |
| -- | 3 |
| -- | AVAILABLE |
| -- | 40079 |
| -- | Main Library Open Access Collection |
| 999 ## - | |
| -- | 79804 |
| -- | 79804 |
| Withdrawn status | Lost status | Source of classification or shelving scheme | Damaged status | Not for loan | Permanent Location | Current Location | Shelving location | Date acquired | Total Checkouts | Full call number | Barcode | Date last seen | Date last checked out | Copy number | Price effective from | Koha item type |
|---|---|---|---|---|---|---|---|---|---|---|---|---|---|---|---|---|
| CBU-MAIN LIBRARY, KITWE. | CBU-MAIN LIBRARY, KITWE. | 06/29/2023 | 1 | HF 5415.3 Sol | 40075 | 02/21/2024 | 02/13/2024 | 1 | 06/29/2023 | MONOGRAPH | ||||||
| CBU-MAIN LIBRARY, KITWE. | CBU-MAIN LIBRARY, KITWE. | 06/29/2023 | HF 5415.3 Sol | 40080 | 06/29/2023 | 2 | 06/29/2023 | MONOGRAPH | ||||||||
| CBU-MAIN LIBRARY, KITWE. | CBU-MAIN LIBRARY, KITWE. | 06/29/2023 | HF 5415.3 Sol | 40077 | 06/29/2023 | 3 | 06/29/2023 | MONOGRAPH | ||||||||
| CBU-MAIN LIBRARY, KITWE. | CBU-MAIN LIBRARY, KITWE. | 06/29/2023 | 2 | HF 5415.3 Sol | 40079 | 04/20/2026 | 04/09/2026 | 4 | 06/29/2023 | MONOGRAPH |